1180 1095 1046 1534 1307 1125 1990 1319 1224 1807 1716 1925 1086 1323 1662 1727 1117 1753 1258 1388 1506 1648 1595 1193 1817 1358 1408 1280 1309 1914 1011 1815 1462 1292 1854 1286 1193 1855 1900 1608 1048 1248 1249 1952 1131 1529 1505 1271 1911 1688 1245 1124 1907 1227 1027 1523 1801 1533 1299 1607 1349 1574 1480 1822 1409 1156 1482 1092 1260 1195 1154 1364 1489 1004 1381 1218 1748 1584 1638 1620 1915 1701 1057 1786 1113 1606 1699 1223 1868 1977 1839 1979 1988 1815 1968 1672 1211 1278 1167 BCNSPRNW ULIB Ver.6.0+V

เปลี่ยนเป็นภาษาไทย

Change to English
 แสดงรายละเอียดบรรณานุกรม
  กลับหน้าหลัก

Brief Record : Get Marc (ISO 2709) : E-mail record : QR code < ปิดหน้าต่าง
LEADER : 00000nam 2200000uu 4500
001    13399121278
003     ULIB
008    121114s2547||||th 000 0 tha d
020    ^a9749209737
050  4 ^aPN^bม686 2547
110 1  ^aกระทรวงสาธารณสุข^bมูลนิธิแพทย์ชนบท
245 00 ^aด้วยรักและหวัง /^cมรกต กรเกษม
250    ^aพิมพ์ครั้งที่ 4
260    ^aนนทบุรี :^bมูลนิธิแพทย์ชนบท,^c2547
300    ^a278 หน้า
650  7 ^aสาธารณสุข^vรวมเรื่อง
710 2  ^aมูลนิธิแพทย์ชนบท
710 2  ^aชมรมแพทย์ชนบท
710 2  ^aชมรมเภสัชชนบท
710 2  ^aชมรมทันตสาธารณสุขภูธร
945    ^p0^l0^i13007
995    ^aกัณชพร
999 ^a ใช้งานได้ทุกระบบ
รายการนี้ยังไม่มีแท็ก
คุณยังไม่ได้ล็อกอิน คุณสามารถมีกิจกรรมร่วมกับเว็บไซต์ได้ แต่ต้องล็อกอินก่อน ::
  ล็อกอิน

รายการสื่อสารสนเทศ

ลำดับที่ ประเภท เลขเรียก/บาร์โค้ด สถานที่ สถานะ
1. วิทยาศาสตร์การแพทย์ และสุขภาพ
วิทยาศาสตร์การแพทย์ และสุขภาพ
PN ม686 2547  
  Barcode: 13007
ห้องสมุดวิทยาเขตสวรรค์ประชารักษ์
►หนังสือทั่วไป
บนชั้น

BibComment


ยังไม่เคยถูกคอมเมนท์

คอมเมนท์ทรัพยากรรายการนี้
  คอมเมนท์: ด้วยรักและหวัง ..


 Copyright 2026. Bcnsprnw @Library